000 00466pab a2200169 454500
008 180718b2010 xxu||||| |||| 00| 0 eng d
100 _aWilliams, Jane
245 _aEarly experiences of the enforcement of the unfair commercial practices directive in Scotland
260 _c2010
300 _ap.377-401.
362 _aDec
650 _aConsumer protection
700 _aHare, Caroline
773 _aJournal of Consumer Policy
908 _aN
909 _a90503
999 _c90503
_d90503